| 000 | 003100000a22001090004500 | ||
|---|---|---|---|
| 090 |
_aAR _b04761 |
||
| 100 | 1 |
_aAide, T. Mitchell _94378 |
|
| 245 | 1 | 0 | _aPatterns of leaf development and herbivory in a tropical understory community |
| 041 | 0 | _aInglés | |
| 942 | _cARTICULO | ||
| 773 | 1 |
_tEcology _h2 _q455-466 _d1993 _g74 |
|
| 999 |
_c13861 _d13861 |
||